Statistieken voor 15 grootste steden in België

Klik hier om de quiz te nemen!

Algemene statistieken

  • Deze quiz is 2.165 keer genomen
  • De gemiddelde score is 10 van 15

Antwoordstatistieken

HintAntwoord% Correct
6Antwerpen
99%
9Brussel
99%
5Gent
94%
3Brugge
90%
14Luik
90%
10Leuven
73%
13Namen
73%
1Oostende
68%
12Charleroi
66%
8Mechelen
60%
11Bergen
57%
4Kortrijk
57%
7Aalst
35%
2Zeebrugge
15%
15Bastogne
11%

Scoreverdeling

Percentiel versus Aantal Correcte Antwoorden

Procent van Mensen met Elke Score

Uw Scoregeschiedenis

U heeft deze quiz nog niet genomen